[Event "FICGS rapid B 000117 email"]
[Site "FICGS email"]
[Date "2009.03.10"]
[Round "1"]
[White "Jones, Anthony"]
[Black "Dum, Felix"]
[Result "0-1"]
[WhiteElo "1800"]
[BlackElo "1800"]
[PlyCount "22"]
[EventDate "2009.??.??"]
[EventType "tourn (rapid)"]
[EventRounds "6"]
[SourceTitle "Corr 2022"]
[Source "ChessBase"]
[SourceDate "2021.10.24"]
[SourceVersion "1"]
[SourceVersionDate "2021.10.24"]
[SourceQuality "1"]

1. Nf3 Nf6 2. g3 g6 3. Bg2 Bg7 4. 0-0 0-0 5. d3 d6 6. e4 e5 7. Nbd2 Nh5 8. Ne1 Nc6 9. c3 f5 10. exf5 Nf6 11. fxg6 hxg6 0-1